Central Library OPAC University of Rajshahi

Business environment in an emerging nation : (Record no. 14693)

MARC details
000 -LEADER
fixed length control field 00968cam a22002891 4500
001 - CONTROL NUMBER
control field 14693
003 - CONTROL NUMBER IDENTIFIER
rucl marc code BD-RjUL
005 - DATE AND TIME OF LATEST TRANSACTION
control field 20211208235656.0
008 - FIXED-LENGTH DATA ELEMENTS--GENERAL INFORMATION
fixed length control field 140208s1966 xx 001 0 eng
035 ## - SYSTEM CONTROL NUMBER
System control number (BD-RjUL)14747
System control number (OCoLC)517659
040 ## - CATALOGING SOURCE
Original cataloging agency DLC
Transcribing agency OClU
Modifying agency OCoLC
-- DLC
-- BD-RjUL
Language of cataloging eng
041 ## - LANGUAGE CODE
Language code of text/sound track or separate title eng
082 04 - DEWEY DECIMAL CLASSIFICATION NUMBER
Classification number 330.991
Author mark and year JOB 1966
100 1# - MAIN ENTRY--PERSONAL NAME
Personal name Johnson, Rossall James,
Dates associated with a name 1917-
9 (RLIN) 45800
245 10 - TITLE STATEMENT
Title Business environment in an emerging nation :
Remainder of title Profiles of Indonesian economy
Statement of responsibility, etc. Rossall J. Johnson, Dale L. McKeen and Leon A. Mears.
260 ## - PUBLICATION, DISTRIBUTION, ETC. (IMPRINT)
Place of publication, distribution, etc. Evanston :
Name of publisher, distributor, etc. Northwestern University Press,
Date of publication, distribution, etc. 1966.
300 ## - PHYSICAL DESCRIPTION
Pagination xii, 342 p. :
Illustrations ill. ;
Size 24cm.
504 ## - BIBLIOGRAPHY, ETC. NOTE
Bibliography, etc Includes index.
651 #0 - SUBJECT ADDED ENTRY--GEOGRAPHIC NAME
Geographic name Indonesia
General subdivision Commerce
9 (RLIN) 45801
Geographic name Indonesia
General subdivision Economic conditions
9 (RLIN) 45802
700 1# - ADDED ENTRY--PERSONAL NAME
Personal name McKeen, Dale L.,
Relator term jt. auth.
Personal name Mears, Leon A.
Fuller form of name (Leon Artemas)
942 ## - ADDED ENTRY ELEMENTS (KOHA)
Source of classification or shelving scheme Dewey Decimal Classification
Koha item type Books
Holdings
Lost status Source of classification or shelving scheme Damaged status Not for loan Collection code Permanent Location Current Location Shelving location Date acquired Source of acquisition Cost, normal purchase price Total Checkouts Full call number Date last seen Copy number Koha item type
  Dewey Decimal Classification   Not For Loan Non-fiction Central Library, University of Rajshahi Central Library, University of Rajshahi Reading Room 15/06/1982 Heffers. 10.45   330.991 JOB 1966 08/02/2014 C-1 Books
  Dewey Decimal Classification     Non-fiction Central Library, University of Rajshahi Central Library, University of Rajshahi   15/06/1982 Heffers. 10.45   330.991 JOB 1966 21/12/2016 C-2 Books
  Dewey Decimal Classification     Non-fiction Central Library, University of Rajshahi Central Library, University of Rajshahi   15/06/1982 Heffers 10.45   330.991 JOB 1966 18/04/2019 C-3 Books